| 000 | 00423nam a22001697a 4500 | ||
|---|---|---|---|
| 003 | NUST - PNEC | ||
| 005 | 20170116181126.0 | ||
| 008 | 151001b xxu||||| |||| 00| 0 eng d | ||
| 020 | _a0070992746 | ||
| 040 | _cLIBRARY | ||
| 082 | _a621.9 DON | ||
| 100 |
_912112 _aDonaldson, Cyril |
||
| 245 |
_aTool design _cDonaldson, Cyril |
||
| 250 | _a3rd eded. | ||
| 650 |
_912114 _aMachine-tools--Design _xME |
||
| 942 |
_2ddc _cBK |
||
| 999 |
_c69774 _d69774 |
||